000 00340pab a2200145 454500
008 180718b2004 xxu||||| |||| 00| 0 eng d
100 _aKhandwalla, Pradip N.
245 _aCompetencies for senior manager roles
260 _c2004
300 _ap.11-24.
362 _aOct-Dec
650 _aManagers
773 _aVikalpa
909 _a63727
999 _c63727
_d63727